Banderovci - zorganizovaná armáda vrahov

Bibliographic Details
Main Author: Šuška, Michal (Author)
Format: Article
Language:Slovak
ISSN:0323-2018
Subjects:

MARC

LEADER 00000nab a2200000 a 4500
001 vtls000827615
003 SK-MaSNL
005 20260302162340.0
008 180405c xo 0 slo
015 |a SNBRB2003/03-07666 
035 |a CLN000179270 
040 |a SNKBUCL  |b slo  |c SNKBUCL  |e AACR2 
041 0 |a slo 
044 |a xo  |c SK 
080 |a 947.7"194"  |2 1997 
080 |a 940.53  |2 1997 
100 1 |a Šuška, Michal  |4 aut  |9 269249 
245 1 0 |a Banderovci - zorganizovaná armáda vrahov  |c Michal Šuška 
610 2 7 |a Ukrajinská povstalecká armáda  |2 snkbucl  |9 99318 
650 0 7 |a druhá svetová vojna (1939-1945)  |2 snkbucl  |9 169657 
655 7 |a články z novín a časopisov  |2 snkbucl  |9 267496 
773 0 |t Bojovník  |g Roč. 28(47), č. 3 (2003), s. 6  |x 0323-2018 
850 |a Slovenská národná knižnica v Martine 
852 |a SNK  |b KIS3GCP 
958 |a UA 
992 |a RBX 
999 |c 1379921  |d 1381851